Países que Reconocen a Taiwán - Estadísticas

Estadísticas generales
  • Esta prueba ha sido intentada 22 veces
  • La puntuación promedio es 8 de 12
Estadísticas de respuestas
Continente País % Correcto
América del Norte Guatemala
84%
América del Sur Paraguay
84%
América del Norte Haití
79%
América del Norte Belice
74%
América del Norte San Cristóbal y Nieves
74%
América del Norte Santa Lucia
74%
América del Norte San Vicente y las Granadinas
74%
Oceanía Tuvalu
74%
Oceanía Palaos
68%
Oceanía Islas Marshall
63%
Europa Ciudad del Vaticano
42%
África Esuatini
26%
No se encontraron pruebas coincidentes
Distribución de puntuación
Porcentaje de gente con cada puntuación
Porcentaje por número respondido
Historial de tus puntuaciones
No has intentado esta prueba.